| 000 | 00527cam a2200193 4500 | ||
|---|---|---|---|
| 001 | D10971 | ||
| 008 | 090401t1979 xxu||||| |||| 00| 0 eng d | ||
| 035 | _a(Sirsi) u97075 | ||
| 041 | _aeng | ||
| 050 | _a346.410433 | ||
| 100 | _aLane, Frederick S | ||
| 245 | _aCondominiums and co-ownership: American and English ideas on shared forms of residential and business tenure | ||
| 260 | _c1979 | ||
| 350 | _a0 | ||
| 520 | _aIn Blundell Memorial Lectures 1979 | ||
| 700 | _aWood, Derek | ||
| 942 | _n0 | ||
| 948 | _c04/03/1997 | ||
| 999 |
_c98773 _d98773 |
||